| 000 | 00686nam a2200241 a 4500 | ||
|---|---|---|---|
| 001 | 70411 | ||
| 003 | BD-RjUL | ||
| 005 | 20211209082008.0 | ||
| 008 | 170417s1966 nyude||| |||| 001 0 eng d | ||
| 035 | _a(BD-RjUL)70625 | ||
| 040 |
_aBD-RjUL _beng _cBD-RjUL |
||
| 041 | _aeng | ||
| 082 | 0 | 4 |
_a543 _bSTA 1966 _223 |
| 245 |
_aStandard Methods of Chemical Analysis / _cN Howell Furman |
||
| 250 | _a6th ed | ||
| 260 |
_aNew York : _bVan Nostrand Com. , _cc1939 [reprinted 1966] |
||
| 300 |
_av. ; _c21cm. |
||
| 504 | _aIncludes Index | ||
| 505 | 0 | _aVol. 2 -- V. 1 The elements -- | |
| 650 | 0 | 7 |
_a Chemistry, Analytic. _916538 |
| 700 |
_aFurman, N Howell _9207935 |
||
| 942 |
_2ddc _cBK |
||
| 999 |
_c70411 _d70411 |
||